000 01002nam a2200277 i 4500
003 DO-SdBNP
005 20241015140953.0
007 ta
008 240904b1985 dr ab||| |||| 00| 0 spa d
040 _aDO-SdBNP
_bspa
_cBNPHU
_erda
082 4 _222
100 _aGonzález, María Filomena,
_eautor
_4aut.
_944668
245 1 0 _aLinea noroeste :
_btestimonio del patriotismo olvidado /
_cMaría Filomena González ; presentación, Emilio Cordero Michel
264 4 _aSanto Domingo :
_bEdiciones Universidad Central del Este,
_c@1985.
300 _a145 páginas :
_bilustraciones y mapas ;
_c23 cm.
336 _atexto
_btxt
_2rdacontent
337 _asin mediación
_bn
_2rdamedia
338 _avolumen
_bnc
_2rdacarrier
490 _aUniversidad Central del Este
_v60
490 _aHistórica
_v6
504 _aBibliografía : páginas 141-143
590 _aInventariado, 2024/BT
700 1 _aCordero Michel, Emilio,
_d1929-2018
_epresentación
_4pres.
_944029
910 _aBtavárez
942 _2ddc
_cLBS1
999 _c57624
_d57624